Statistics for 5 Biggest Countries By Vowel

Click here to take the quiz!

General Stats

  • This quiz has been taken 40 times
  • The average score is 18 of 20

Answer Stats

HintAnswer% Correct
IIndia
100%
UUnited States
100%
AArgentina
97%
EEthiopia
97%
IIndonesia
97%
EEritrea
95%
UUnited Kingdom
95%
AAngola
92%
AAustralia
92%
UUganda
92%
UUzbekistan
92%
AAfghanistan
90%
EEcuador
90%
EEgypt
87%
IIran
87%
IIraq
87%
AAlgeria
85%
EEstonia
85%
IItaly
82%
UUkraine
79%

Score Distribution

Percentile by Number Answered

Percent of People with Each Score

Your Score History

You have not taken this quiz